000 00548nam a22001937a 4500
003 KOHA_MİRAKIL
005 20250929091945.0
008 250929b tu ||||| |||| 00| 0 tur d
020 _a9789752208551
040 _aTR-AnABB
_btur
_cTR-AnABB
041 _atur
082 _a891.7342
_bBUL 2019
100 1 _aBulgakov, Mihail Afansyeviç,
245 1 0 _aKöpek kalbi /
_cMihail Afansyeviç Bulgakov
260 _aAnkara :
_bBilgi Yayınevi,
_c2019
300 _a150 sayfa ;
_c20 cm
650 0 4 _aRus edebiyatı, roman
942 _2ddc
_cBK
999 _c8945
_d8945
900 _bGizem YORULMAZ